000 01297nam a2200289Ia 4500
003 OSt
005 20221005110556.0
006 a|||||r|||| 00| 0
007 ta
008 221004b |||||||| |||| 00| 0 hin d
020 _a9789326354196 (hbk)
_cINR 450.00
024 _a37481
037 _bBW/1697, 15/03/2018, Bookwell
_cTextual
040 _aCRL
_cCRL
_bhin
041 _2hin
_ahin
082 _aO152,1N05x, Q5
100 _aजैन, महेन्द्र राजा, संपा.
245 0 _aजैनेन्द्र कुमार विवाह, प्रेम और नैतिकता
_b सूक्तियॉं और विचार
246 _aJainendra kumār vivāha, prem aur naitikatā: sūktiyaॉan aur vichāra
260 _aनई दिल्ली
_bभारतीय ज्ञानपीठ भारत
_c2015
300 _a331पृ0
_ccm.
490 _aलोकोदय ग्रन्थमाला; ग्रन्थांक 1265
650 _a हिन्दी साहित्य
650 _aहिन्दी कविता
942 _hO152,1N05x, Q5
_cTEXL
_2cc
999 _c1019260
_d1019260